000 02077cam a2200169 4500500
005 20260208010344.0
041 _afre
042 _adc
100 1 0 _aClerc, Louis
_eauthor
245 0 0 _aIver B. Neumann, Diplomatic Sites. A Critical Enquiry, Londres, Hurst & Company, 2013..Rosa Balfour, Caterina Carta & Kristi Raik, The European External Action Service and National Foreign Ministries. Convergence or Divergence?, Farnham, Ashgate, 2015.
260 _c2016.
500 _a65
520 _aLa compréhension de l’assistance secrète offerte par les États-Unis à la France pour le développement de son armement nucléaire durant les années 1970 impose de dissocier les niveaux politique et exécutif. Au niveau exécutif, la nature technocratique de cette assistance se révèle extrêmement bénéfique pour les Français. Une mise en contexte historique de cette technocratie et une relecture des archives disponibles concernant l’assistance permettent de démontrer l’influence positive de certains technocrates américains, en particulier celle de John Foster Jr., à l’époque numéro trois du département de la Défense, que cela concerne les relations avec les Français ou la synergie avec le Conseil de sécurité nationale.
520 _aUnderstanding the U.S. secret assistance to the French nuclear program in the 1970s requires distinguishing the political and executive levels. At the executive level, the technocratic nature of that assistance was extremely beneficial for the French. The historical context of this technocracy and a rereading of available archives on the assistance demonstrate the influence – regarding the relation with the French or the synergy with the National Security Council – of some American technocrats, especially that of John Foster Jr., who headed with others the Department of Defense.
786 0 _nRelations internationales | 165 | 1 | 2016-05-11 | p. 139e-156e | 0335-2013
856 4 1 _uhttps://shs.cairn.info/revue-relations-internationales-2016-1-page-139e?lang=fr&redirect-ssocas=7080
999 _c1656206
_d1656206